Central Library OPAC University of Rajshahi

Essays in economic analysis / (Record no. 46086)

MARC details
000 -LEADER
fixed length control field 00621nam a2200217 a 4500
001 - CONTROL NUMBER
control field 46086
003 - CONTROL NUMBER IDENTIFIER
rucl marc code BD-RjUL
005 - DATE AND TIME OF LATEST TRANSACTION
control field 20211209054115.0
008 - FIXED-LENGTH DATA ELEMENTS--GENERAL INFORMATION
fixed length control field 160730s1953 enka b 001 0 eng
035 ## - SYSTEM CONTROL NUMBER
System control number (BD-RjUL)46204
040 ## - CATALOGING SOURCE
Original cataloging agency DLC
Transcribing agency OCP
Modifying agency OCL
-- m.c
-- SER
-- BD-RjUL
Language of cataloging eng
041 ## - LANGUAGE CODE
Language code of text/sound track or separate title eng
082 ## - DEWEY DECIMAL CLASSIFICATION NUMBER
Edition number 23
Classification number 330.4
Author mark and year LEE 1953
100 1# - MAIN ENTRY--PERSONAL NAME
Personal name Lerner, Abba Ptachya,
Dates associated with a name 1903-
9 (RLIN) 140202
245 10 - TITLE STATEMENT
Title Essays in economic analysis /
Statement of responsibility, etc. Abba Ptachya Lerner
260 ## - PUBLICATION, DISTRIBUTION, ETC. (IMPRINT)
Place of publication, distribution, etc. London :
Name of publisher, distributor, etc. Macmillan,
Date of publication, distribution, etc. 1953
300 ## - PHYSICAL DESCRIPTION
Pagination vii, . 394 p. :
Illustrations il. ;
Size 23 cm.
650 #0 - SUBJECT ADDED ENTRY--TOPICAL TERM
Topical term or geographic name as entry element Economics
9 (RLIN) 140869
942 ## - ADDED ENTRY ELEMENTS (KOHA)
Source of classification or shelving scheme Dewey Decimal Classification
Koha item type Books
Holdings
Lost status Source of classification or shelving scheme Damaged status Not for loan Collection code Permanent Location Current Location Shelving location Date acquired Source of acquisition Cost, normal purchase price Total Checkouts Full call number Date last seen Copy number Koha item type
  Dewey Decimal Classification     Non-fiction Central Library, University of Rajshahi Central Library, University of Rajshahi   26/01/1956 Rimphin Morshad 1.80   330.4 LEE 1953 30/07/2016 C-2 Books
  Dewey Decimal Classification   Not For Loan Non-fiction Central Library, University of Rajshahi Central Library, University of Rajshahi Reading Room 26/01/1956 Simpkin marcell 1.80   330.4 LEE 1953 29/04/2017 C-1 Books